00235 a2200121 4500001000700000020001800007040001100025100002300036240002100059245001600080300000800096362000900104175342 a85-345-0533-0 cMagnum aSilva, Luiz Carlos10aGeografia 7lpor10aGeografia 7 a1760 a1998